00822 2200301 4500001002100000005001500021035002000036007000300056040001700059100002700076245007000103250001300173300003300186020002200219041000800241082000800249084001400257090001900271264003400290336002100324337003000345338002300375650001000398700004300408850001000451008004100461990001800502INLIS00000000000762020260602092626 a0010-0922000109ta aSBPUPADbind0 aGerson PoykePengarang1 aNegeri Lintasan Petir /cGerson Poyk; editor, Amanda Setiorini W. a.-cet.13 a288 hlm. :bilus. ;c13x18cm a978-979-075-172-9 aind a813 a813 GER n a813 GER n 24-8 a.--Jakarta :bErlangga,c2009 2rdacontentateks 2rdamediaatanpa perantara 2rdacarrieravolume 4aNovel aeditor, Amanda Setiorini W.ePengarang aPUPAD260602 1  a17208/Br/2012